00251nam a2200109 a 4500008004100000050001400041100001600055245004000071250001200111260000900123350000900132120416s1976 xx |||||||||||||| || u aS 495 Sin aSingh, S. S10aPrinciples and practice of agronomy a3rd ed. c1976 a0.00